literature with food or beverages in the title - Statistics

General Stats
  • This quiz has been taken 81 times
  • The average score is 9 of 15
Answer Stats
title type writer year food % Correct
Charlie and the _________ Factory novel Roald Dahl 1964 Chocolate
97%
The ______ of Wrath novel John Steinbeck 1939 Grapes
94%
Fried Green ________ at the Whistle Stop Cafe novel Fannie Flagg 1987 Tomatoes
85%
The _____ House Rules novel John Irving 1985 Cider
78%
Green ___s and ___ picture book Dr. Seuss 1960 Eggs, Ham
78%
Children of the ____ story Steven King 1977 Corn
71%
______s Are Not the Only Fruit novel Jeanette Winterson 1985 Orange
68%
A ______ in the Sun play Lorraine Hansburry 1959 Raisin
60%
_______ ____ for the Soul nonfiction anthology Jack Canfield, Mark Victor Hansen 1993 Chicken Soup
55%
A Perfect Day for ______fish story J.D. Salinger 1948 Banana
40%
The Cask of __________ story Edgar Allan Poe 1846 Amontillado
35%
The House on _____ Street novel Sandra Cisneros 1984 Mango
35%
Black ______ play Agatha Christie 1930 Coffee
29%
__________-Picking poem Seamus Heaney 1966 Blackberry
18%
____________ story Anton Chekov 1898 Gooseberries
6%
No matching quizzes found
Score Distribution
Percent of People with Each Score
Percentile by Number Answered
Your Score History
You have not taken this quiz